000 02646cam a2200529 i 4500
001 BK0023316582
003 DLC
005 20200128163238.0
008 190328s2019 nyua c 000 1 eng
010 _a2019010095
020 _a9781481438285 : HRD
_c17.99
020 _a148143828X : HRD
_c17.99
_z9781481438308 (ebook)
037 _bSimon & Schuster, 100 Front st, Riverside, NJ, USA, 08075-7500
_nSAN 200-2442
040 _aDLC
_beng
_erda
_cDLC
_dNjBwBT
_dIMmBT
_dNjBwBT
050 0 0 _aPZ7.R33593
_bLoo 2019
082 0 0 _a[Fic]
_223
092 _aFIC
100 1 _aReynolds, Jason,
_eauthor.
_95811805
240 1 0 _aShort stories.
_kSelections
245 1 0 _aLook both ways :
_ba tale told in ten blocks /
_cJason Reynolds ; illustrations by Alex Nabaum.
250 _aFirst edition.
264 1 _aNew York :
_bAtheneum Books for Young Readers,
_c[2019]
300 _a188 pages :
_bcolor illustrations ;
_c22 cm
336 _atext
337 _aunmediated
338 _avolume
500 _a"A Caitlyn Dlouhy book."
505 0 _aWater booger bears -- The low cuts strike again -- Skitter hitter -- How to look (both) both ways -- Call of duty -- Five things easier to do than Simeon's and Kenzi's secret handshake -- Satchmo's master plan --Ookabooka land -- How a boy can become a grease fire -- The broom dog.
520 _a"A collection of ten short stories that all take place in the same day about kids walking home from school"--
_cProvided by publisher.
650 1 _aInterpersonal relations
_vFiction.
_95673978
650 1 _aSchools
_vFiction.
_95673727
650 1 _aShort stories.
_991448
650 7 _aJUVENILE FICTION / Social Issues / Emotions & Feelings.
_2bisacsh
_95683753
650 7 _aJUVENILE FICTION / Short Stories.
_2bisacsh
_95718182
650 7 _aJUVENILE FICTION / Social Issues / New Experience.
_2bisacsh
_95705685
700 1 _aNabaum, Alexander,
_eillustrator.
_95811806
700 1 2 _aReynolds, Jason.
_tWater booger bears.
_95811807
700 1 2 _aReynolds, Jason.
_tLow cuts strike again.
_95811808
700 1 2 _aReynolds, Jason.
_tSkitter hitter.
_95811809
700 1 2 _aReynolds, Jason.
_tHow to look (both) both ways.
_95811810
700 1 2 _aReynolds, Jason.
_tCall of duty.
_95811811
700 1 2 _aReynolds, Jason.
_tFive things easier to do than Simeon's and Kenzi's secret handshake.
_95811812
700 1 2 _aReynolds, Jason.
_tSatchmo's master plan.
_95811813
700 1 2 _aReynolds, Jason.
_tOokabooka land.
_95811814
700 1 2 _aReynolds, Jason.
_tHow a boy can become a grease fire.
_95811815
700 1 2 _aReynolds, Jason.
_tBroom dog.
_95811816
999 _c250048
_d250048